Clutch Discography - Statistics

General Stats
  • This quiz has been taken 7 times
    6 since last reset
  • The average score is 18 of 28
Answer Stats
Type Year Name % Correct
Album 2004 Blast Tyrant
100%
Album 1995 Clutch
100%
Album 2013 Earth Rocker
100%
Album 2015 Psychic Warfare
100%
Album 2001 Pure Rock Fury
100%
Album 2005 Robot Hive/Exodus
100%
Album 2009 Strange Cousins from the West
100%
Album 1998 The Elephant Riders
100%
Album 2018 Book of Bad Decisions
83%
Album 2007 From Beale Street to Oblivion
83%
EP 1991 Pitchfork
83%
Compilation 2003 Slow Hole to China: Rare and Unreleased
83%
EP 1997 Impetus
67%
Album 1999 Jam Room
67%
Album 1993 Transnational Speedway League: Anthems, Anecdotes, and Undeniable Truths
67%
Live Album 2008 Full Fathom Five: Audio Field Recordings
50%
Video Album 2008 Full Fathom Five: Video Field Recordings
50%
Video Album 2010 Live at the 9:30
50%
EP 1992 Passive Restraints
50%
EP 2012 Pigtown Blues
50%
Compilation 2015 La Curandera
33%
Live Album 2002 Live at the Googolplex
33%
Live Album 2004 Live in Flint, Michigan
33%
Compilation 2005 Pitchfork & Lost Needles
33%
EP 2014 Run, John Barleycorn, Run
33%
Live Album 2007 Heard It All Before: Live at the HiFi Bar
17%
Live Album 2008 Live at the Corner Hotel
17%
Live Album 2010 Strange Cousins from the Prince
0%
No matching quizzes found
Score Distribution
Percent of People with Each Score
Percentile by Number Answered
Your Score History
You have not taken this quiz since the last reset